000 00494nam a2200157Ia 4500
008 260520s2023 xx 000 0 und d
041 _amar
082 _a621.3193/REL
100 _aरेळेकर, प्रदिप
245 _aइलेक्ट्रिशियन थिअरी वर्ष दुसरे
250 _a1st ed
260 _aकागल
_bमिहीर प्रकाशन
_c2023
300 _a744p.
500 _aCat No: 15217
650 _aENGINEERING
999 _c1222229
_d1222229